000
00307nam a22001457a 4500
008
211012b ||||| |||| 00| 0 eng d
020
_a
9781889140162
041
_a
eng
080
_a
159.9
082
_a
159.9
100
_a
48
101
_a
PSI
245
_a
1-2-3 Magic
_c
Phelan,Th.W
942
_2
udc
_c
BK
999
_c
58167
_d
58167